000 00630nam a2200205Ia 4500
008 240729s9999 xx 000 0 und d
022 _a2813-4540
245 0 _aFrontiers in Child and Adolescent Psychiatry
260 _aSwitzerland
260 _bFrontiers Media S.A.
650 _a Internal medicine
650 _a Neurology. Diseases of the nervous system
650 _a Neurosciences. Biological psychiatry. Neuropsychiatry
650 _a Pediatrics
650 _a Psychiatry | Medicine
650 _aMedicine
856 _uhttps://doaj.org/toc/cbf369fe57e34671a1596048bee4b4a3
942 _2ddc
942 _cDOAJEJ
999 _c74872
_d74872
945 _a1
_bMadushi Gamage
_c1
_dMadushi Gamage